|
|
|
|
| LEADER |
02225nam a2200565 a 4500 |
| 001 |
nkc20142625585 |
| 003 |
CZ PrNK |
| 005 |
20150525164113.0 |
| 007 |
ta |
| 008 |
141024s2014 xr f 000 0 cze |
| 015 |
|
|
|a cnb002625585
|
| 020 |
|
|
|a 978-80-87975-06-0
|q (Univerzita Karlova, Právnická fakulta ;
|q brož.)
|
| 035 |
|
|
|a (OCoLC)907518893
|
| 040 |
|
|
|a ABA001
|b cze
|
| 041 |
0 |
|
|a cze
|b cze
|b eng
|
| 043 |
|
|
|a e------
|
| 072 |
|
7 |
|a 347
|x Soukromé právo
|2 Konspekt
|9 16
|
| 080 |
|
|
|a 346.546
|2 MRF
|
| 080 |
|
|
|a 347.447
|2 MRF
|
| 080 |
|
|
|a 347.513
|2 MRF
|
| 080 |
|
|
|a (4)
|2 MRF
|
| 080 |
|
|
|a (048.8)
|2 MRF
|
| 100 |
1 |
|
|a Pipková, Petra Joanna
|7 mzk2014835601
|4 aut
|
| 245 |
1 |
0 |
|a Rozsah odpovědnosti za škodu způsobenou porušením soutěžních pravidel EU /
|c Petra Joanna Pipková
|
| 250 |
|
|
|a 1. vyd.
|
| 260 |
|
|
|a Praha :
|b Univerzita Karlova v Praze, Právnická fakulta,
|c 2014
|
| 300 |
|
|
|a 198 s. ;
|c 21 cm
|
| 490 |
1 |
|
|a Prameny a nové proudy právní vědy ;
|v no. 58
|
| 500 |
|
|
|a Vydala Právnická fakulta UK v nakl. Eva Rozkotová, Beroun
|
| 500 |
|
|
|a 200 výt.
|
| 504 |
|
|
|a Obsahuje bibliografii a bibliografické odkazy
|
| 546 |
|
|
|a České a anglické resumé
|
| 650 |
0 |
7 |
|a právo hospodářské soutěže
|7 ph115916
|z země Evropské unie
|2 czenas
|
| 650 |
0 |
7 |
|a kartelové právo
|7 ph202152
|z země Evropské unie
|2 czenas
|
| 650 |
0 |
7 |
|a odpovědnost za škodu
|7 ph162029
|z země Evropské unie
|2 czenas
|
| 650 |
0 |
7 |
|a náhrada škody
|7 ph123399
|z země Evropské unie
|2 czenas
|
| 650 |
0 |
9 |
|a competition law
|z European Union countries
|2 eczenas
|
| 650 |
0 |
9 |
|a antitrust law
|z European Union countries
|2 eczenas
|
| 650 |
0 |
9 |
|a liability for damages
|z European Union countries
|2 eczenas
|
| 650 |
0 |
9 |
|a reparations
|z European Union countries
|2 eczenas
|
| 655 |
|
7 |
|a monografie
|7 fd132842
|2 czenas
|
| 655 |
|
9 |
|a monographs
|2 eczenas
|
| 710 |
2 |
|
|a Univerzita Karlova.
|b Právnická fakulta
|7 kn20010709363
|
| 830 |
|
0 |
|a Prameny a nové proudy právní vědy
|0 s
|
| 910 |
2 |
|
|a BOA001
|b 2-1344.985
|
| 928 |
9 |
|
|a Eva Rozkotová
|
| 990 |
|
|
|a BK
|
| 995 |
|
|
|a 01
|
| 991 |
|
|
|b 201505
|c NOV
|e n
|
| 996 |
6 |
|
|b 2610632304
|c 2-1344.985
|l MZK
|r Sklad / do 1 hodiny
|n 0
|p p.v.
|w 001503802
|u 000010
|a 1
|e BOA001
|j MZK50
|s P
|